000 00437nam a22001457a 4500
020 _a978-93-80695-16-7
082 _a200
_bSWA/V
100 _aSWAMI BHOOMANANDA TIRTHA
245 _aVEDANTIC WAY OF LIVING
260 _aKERALA
_bNARAYANASHRAMA TAPOVANAM
_c1999
300 _a131
520 _aVEDANTA ENABLES US TO UNDERSTAND LIFE FULLY AND WORK OUR WAY TO PERFECTION, HARMONY AND FULFILMENT.
650 _aRELIGIOUS
_zINDIA
942 _cBK
999 _c5133
_d5133